[Event "ICS rated blitz match"]
[Site "204.178.125.65"]
[Date "2000.06.02"]
[Round "?"]
[White "Hossa"]
[Black "TerraPi"]
[Result "1-0"]
[WhiteElo "2382"]
[BlackElo "2170"]
[PlyCount "73"]
[EventDate "2000.??.??"]

1. e4 c5 2. Nf3 d5 3. exd5 Qxd5 4. Nc3 Qe6+ 5. Be2 Nc6 6. O-O Nf6 7. Re1 Qd6 8.
Ng5 Bf5 9. d3 Nd4 10. Bd2 Nxe2+ 11. Qxe2 Ng4 12. Nf3 O-O-O 13. h3 Nf6 14. Ne5
Be6 15. Bf4 Qb6 16. Rab1 Nd5 17. Bg3 Nxc3 18. bxc3 Qa6 19. Qe3 Qa5 20. c4 Rd6
21. Rb5 Qc3 22. Rxc5+ Kd8 23. Rb5 b6 24. Qe4 a6 25. Qa8+ Kc7 26. Qa7+ Kc8 27.
Qxa6+ Kd8 28. Qa8+ Kc7 29. Reb1 Bc8 30. Nxf7 Kd7 31. Qa4 Rc6 32. Rxb6 Bb7 33.
Ng5 Kd8 34. Rxb7 Qe1+ 35. Rxe1 h6 36. Qxc6 hxg5 37. Rb8# {TerraPi checkmated}
1-0

[Event "ICS rated blitz match"]
[Site "204.178.125.65"]
[Date "2000.06.02"]
[Round "?"]
[White "TerraPi"]
[Black "Hossa"]
[Result "0-1"]
[WhiteElo "2163"]
[BlackElo "2389"]
[PlyCount "128"]
[EventDate "2000.??.??"]

1. e4 c5 2. b3 d6 3. Bb2 Nc6 4. Nc3 Nf6 5. f4 e5 6. Nge2 Nd4 7. f5 g6 8. fxg6
hxg6 9. a4 Bg7 10. a5 a6 11. Nd5 Nxd5 12. exd5 Qh4+ 13. g3 Qe4 14. Bxd4 Qxh1
15. Bf2 Bh3 16. Ng1 Bxf1 17. Kxf1 e4 18. h4 Bxa1 19. Qxa1 O-O-O 20. Qf6 Rh7 21.
Qe7 e3 22. Bxe3 Qxd5 23. d3 Qh1 24. Bg5 Rhh8 25. Bf6 Rd7 26. Qxd7+ Kxd7 27.
Bxh8 d5 28. c3 c4 29. bxc4 dxc4 30. dxc4 Qe4 31. Bd4 Qf5+ 32. Ke2 Qxa5 33. Nf3
Qc7 34. Ne5+ Ke8 35. Kf2 a5 36. Kf3 a4 37. c5 a3 38. c4 Qd8 39. Ke3 Qxd4+ 40.
Kxd4 a2 41. Nd3 a1=Q+ 42. Ke4 Qh1+ 43. Kf4 Qf1+ 44. Ke3 Qg2 45. Kd4 Qxg3 46. h5
Qh4+ 47. Kc3 Qxh5 48. Kb4 Qe2 49. Kc3 g5 50. Kd4 g4 51. Nf4 Qf2+ 52. Ke5 f6+
53. Ke4 Qf3+ 54. Kd4 Qxf4+ 55. Kc3 Qe3+ 56. Kc2 f5 57. Kb1 f4 58. Ka1 Qc3+ 59.
Kb1 Qxc4 60. Kb2 g3 61. c6 bxc6 62. Ka1 g2 63. Kb1 g1=Q+ 64. Kb2 Qgc1# {
TerraPi checkmated} 0-1

[Event "ICS rated standard match"]
[Site "204.178.125.65"]
[Date "2000.06.02"]
[Round "?"]
[White "gambitmaster"]
[Black "Hossa"]
[Result "1-0"]
[WhiteElo "2345"]
[BlackElo "2291"]
[PlyCount "187"]
[EventDate "2000.??.??"]

1. d4 Nf6 2. Nf3 g6 3. c4 Bg7 4. g3 c6 5. Nc3 O-O 6. Bg2 d5 7. cxd5 cxd5 8. Ne5
Nc6 9. O-O Bf5 10. Nxc6 bxc6 11. Na4 Qc7 12. Bf4 Qb7 13. Be5 Nh5 14. Bxg7 Nxg7
15. e3 Qb5 16. Rc1 Ne8 17. Rc5 Qa6 18. Qb3 Bd3 19. Rfc1 Bb5 20. Nc3 Bc4 21. Qa3
Qxa3 22. bxa3 Rd8 23. Rxc6 e6 24. e4 Rd7 25. Rc5 Nf6 26. e5 Nh5 27. Rb1 f6 28.
exf6 Kf7 29. Nd1 Nxf6 30. Ne3 Bd3 31. Rb3 Be2 32. Rc2 Ba6 33. Rc6 Bb7 34. Rxe6
Rc7 35. Re5 Rc1+ 36. Nf1 Bc6 37. Re2 Rc4 38. Rd2 Rc1 39. f4 Re8 40. Rdb2 Ree1
41. Rd3 a6 42. h4 Bb5 43. Rf3 Rc4 44. Rb4 Rd1 45. f5 Rdxd4 46. fxg6+ Kxg6 47.
Rb2 Rd1 48. Kh2 Re1 49. Bh3 d4 50. Rbf2 Rc6 51. Rf4 Rd6 52. Nd2 Bc6 53. Nf3
Bxf3 54. Bf5+ Kg7 55. R2xf3 Re2+ 56. Kh3 Rxa2 57. Rb3 Re2 58. Rb7+ Kh8 59. Rb4
d3 60. Bxd3 Rxd3 61. Rxf6 Ree3 62. Rg4 Rf3 63. Rxf3 Rxf3 64. a4 Rf6 65. Rc4 Kg7
66. Kg4 Rf8 67. a5 Kg6 68. Rc6+ Rf6 69. Rb6 Kf7 70. h5 Kg7 71. Kh3 Rf5 72. h6+
Kg8 73. Rxa6 Kf7 74. g4 Rd5 75. Kh4 Re5 76. g5 Re1 77. Ra7+ Kg8 78. a6 Rh1+ 79.
Kg3 Rg1+ 80. Kf2 Ra1 81. Rg7+ Kh8 82. Rc7 Ra2+ 83. Ke3 Kg8 84. a7 Ra3+ 85. Kf4
Ra1 86. Rc8+ Kf7 87. a8=Q Rf1+ 88. Kg4 Rg1+ 89. Kh4 Rd1 90. Rc7+ Ke6 91. Qe4+
Kd6 92. Rc6+ Kd7 93. Qe6+ Kd8 94. Rc8# {Hossa checkmated} 1-0

[Event "ICS rated standard match"]
[Site "204.178.125.65"]
[Date "2000.06.02"]
[Round "?"]
[White "Hossa"]
[Black "dori"]
[Result "1-0"]
[WhiteElo "2277"]
[BlackElo "2113"]
[PlyCount "87"]
[EventDate "2000.??.??"]

1. d4 Nf6 2. Nf3 e6 3. c4 b6 4. a3 Bb7 5. Nc3 d5 6. cxd5 Nxd5 7. Bd2 Be7 8.
Nxd5 Bxd5 9. e3 O-O 10. Bd3 Nd7 11. Qc2 h6 12. b4 Bxf3 13. gxf3 c5 14. dxc5
bxc5 15. Rd1 Rc8 16. Qb1 c4 17. Bh7+ Kh8 18. Bc2 c3 19. Bc1 Qc7 20. f4 Rfd8 21.
O-O Nf6 22. Rxd8+ Rxd8 23. e4 Qc4 24. Be3 a5 25. bxa5 Bxa3 26. Rd1 Rxd1+ 27.
Qxd1 e5 28. fxe5 Ng8 29. Bd3 Qc7 30. a6 Bc5 31. Bxc5 Qxc5 32. Qa1 Qxe5 33. a7
Qg5+ 34. Kf1 Qd2 35. Qb1 c2 36. Bxc2 Qa5 37. Qb8 Qa6+ 38. Ke1 Qa5+ 39. Ke2 Qh5+
40. Kd2 Qa5+ 41. Kd3 Qa3+ 42. Kd4 Qa1+ 43. Kc4 Qf1+ 44. Kb3 {dori resigns} 1-0

[Event "ICS rated bullet match"]
[Site "204.178.125.65"]
[Date "2000.06.02"]
[Round "?"]
[White "QueenMaxima"]
[Black "Hossa"]
[Result "1-0"]
[WhiteElo "2283"]
[BlackElo "2318"]
[PlyCount "135"]
[EventDate "2000.??.??"]

1. e4 c5 2. Nf3 d6 3. d4 cxd4 4. Nxd4 Nf6 5. Nc3 Nbd7 6. Bc4 e6 7. O-O Nb6 8.
Bb5+ Bd7 9. a4 Bxb5 10. axb5 Be7 11. Qd3 O-O 12. Rd1 Nbd7 13. Qg3 Nh5 14. Qf3
Nhf6 15. Kh1 Ne5 16. Qe2 Qc7 17. f4 Ned7 18. f5 Nc5 19. Bg5 Bd8 20. Bh4 Nfd7
21. Bxd8 Rfxd8 22. b4 Nb3 23. Nxb3 Qxc3 24. Rxd6 Qc7 25. Rd4 exf5 26. exf5 Re8
27. Qd2 Ne5 28. f6 gxf6 29. Nc5 b6 30. Ne4 Re6 31. Rf1 f5 32. Rxf5 Nc4 33. Qc3
Rc8 34. Nf6+ Rxf6 35. Rxf6 Ne5 36. Qg3+ Ng6 37. Qxc7 Rxc7 38. Rf2 Ne5 39. Rd8+
Kg7 40. Rd5 Nc4 41. Rf3 Rc8 42. Rg3+ Kh8 43. Rd7 Re8 44. Kg1 Ne3 45. Rxf7 Nxc2
46. Rh3 Re1+ 47. Kf2 Rd1 48. Rhxh7+ Kg8 49. Rfg7+ Kf8 50. Rxa7 Rd2+ 51. Kf3 Kg8
52. Rhb7 Ne1+ 53. Kf4 Rd8 54. Kg3 Rc8 55. Rxb6 Nd3 56. Rd6 Nxb4 57. Rdd7 Rb8
58. Kf3 Nc2 59. Ke2 Kf8 60. Kd2 Rc8 61. b6 Nb4 62. b7 Re8 63. Ra8 Na6 64. Rxa6
Rb8 65. Ra8 Ke8 66. Rh7 Rd8+ 67. Rxd8+ Kxd8 68. b8=Q# {Hossa checkmated} 1-0

[Event "ICS rated standard match"]
[Site "204.178.125.65"]
[Date "2000.06.02"]
[Round "?"]
[White "PostModernist"]
[Black "Hossa"]
[Result "0-1"]
[WhiteElo "2419"]
[BlackElo "2286"]
[PlyCount "164"]
[EventDate "2000.??.??"]

1. d4 Nf6 2. c4 g6 3. Nc3 Bg7 4. e4 d6 5. f3 O-O 6. Be3 c5 7. Nge2 cxd4 8. Nxd4
Nc6 9. Be2 Nxd4 10. Bxd4 b6 11. O-O Bb7 12. Qd2 Rc8 13. Rfd1 Qc7 14. a4 Ba6 15.
c5 Bxe2 16. cxb6 axb6 17. Qxe2 Rfe8 18. Nb5 Qb7 19. b4 Nh5 20. Bxg7 Nxg7 21. a5
bxa5 22. bxa5 Rc5 23. Rdb1 Qa6 24. Nd4 Qa7 25. a6 Rc6 26. Ra4 Ne6 27. Qf2 Nxd4
28. Rxd4 Rxa6 29. g4 Rc6 30. g5 Rec8 31. Rdd1 Rc5 32. Rd5 Rc1+ 33. Rxc1 Rxc1+
34. Kg2 Rc5 35. h4 Qb6 36. Kg3 Rc6 37. Qxb6 Rxb6 38. Ra5 Kg7 39. Ra7 e6 40. Rd7
Ra6 41. Kf4 Rc6 42. Kg4 Kf8 43. Rd8+ Ke7 44. Rh8 d5 45. Kf4 d4 46. e5 Rc3 47.
Rb8 d3 48. Rb7+ Ke8 49. Rb8+ Kd7 50. Rb4 Rc5 51. Rd4+ Rd5 52. Rxd5+ exd5 53.
Ke3 Ke6 54. Kxd3 Kxe5 55. Ke3 d4+ 56. Kd3 Kf4 57. Ke2 d3+ 58. Kf2 d2 59. Ke2
d1=B+ 60. Kxd1 Kxf3 61. Kd2 Kg4 62. Ke3 Kxh4 63. Kf4 Kh5 64. Kf3 Kxg5 65. Ke4
h5 66. Kd4 h4 67. Ke4 h3 68. Kf3 h2 69. Kg2 h1=R 70. Kxh1 Kf4 71. Kg1 g5 72.
Kf2 g4 73. Ke2 g3 74. Ke1 Kf3 75. Kd2 g2 76. Kd3 g1=Q 77. Kc4 Ke4 78. Kb5 Kd5
79. Kb4 Qg3 80. Ka5 Kc5 81. Ka6 Qb8 82. Ka5 Qa8# 0-1

[Event "ICS rated standard match"]
[Site "204.178.125.65"]
[Date "2000.06.02"]
[Round "?"]
[White "Hossa"]
[Black "PostModernist"]
[Result "0-1"]
[WhiteElo "2308"]
[BlackElo "2397"]
[PlyCount "168"]
[EventDate "2000.??.??"]

1. d4 Nf6 2. Nf3 g6 3. c4 Bg7 4. g3 c6 5. Nc3 O-O 6. Bg2 d5 7. cxd5 cxd5 8. Ne5
e6 9. Bg5 Qb6 10. Qd2 Nfd7 11. Na4 Qd6 12. Nxd7 Bxd7 13. Nc5 Bc8 14. O-O Nc6
15. Nb3 a5 16. Bf4 Qd8 17. Bg5 Qb6 18. Be3 a4 19. Nc5 Qb4 20. Qc3 Qxc3 21. bxc3
b6 22. Nd3 Na5 23. Rab1 Nc4 24. Rb4 Ra5 25. Bf4 Ba6 26. Rd1 Rc8 27. Rbb1 Rb5
28. Nb4 Na3 29. Rbc1 Bb7 30. Nd3 h6 31. Bd6 Nc4 32. Bb4 a3 33. Re1 Bf6 34. Rc2
h5 35. Rcc1 Kh7 36. Rb1 Bc6 37. e3 g5 38. f3 h4 39. e4 h3 40. Bh1 Nb2 41. Re3
e5 42. Nxe5 Bxe5 43. exd5 Bf6 44. dxc6 Rxb4 45. f4 Rc4 46. d5 gxf4 47. Be4+ Kg7
48. gxf4 Rd8 49. Rg3+ Kf8 50. Bh1 Bxc3 51. Rxh3 Bd4+ 52. Kf1 Rc2 53. c7 Re8 54.
d6 Rf2+ 55. Kg1 Rd2+ 56. Kf1 Nc4 57. Be4 Nxd6 58. Bh7 Rxa2 59. Rd3 Rf2+ 60. Kg1
Rxf4+ 61. Kg2 a2 62. Rbd1 Nb5 63. Kg3 Be5 64. Kh3 Nxc7 65. Rg3 Rf2 66. Rg8+ Ke7
67. Rg2 Rxg2 68. Kxg2 Rh8 69. Bf5 Rxh2+ 70. Kf3 a1=R 71. Rxa1 Bxa1 72. Ke3 Nd5+
73. Kd3 Kd6 74. Bc8 Ke5 75. Bd7 Bd4 76. Ba4 Rb2 77. Bd7 b5 78. Bxb5 Rxb5 79.
Kc4 Rb4+ 80. Kd3 Nf4+ 81. Kc2 Rb2+ 82. Kc1 Ke4 83. Kd1 Be3 84. Ke1 Rb1# {
Hossa checkmated} 0-1

[Event "ICS rated bullet match"]
[Site "204.178.125.65"]
[Date "2000.06.02"]
[Round "?"]
[White "Hossa"]
[Black "PostModernist"]
[Result "0-1"]
[WhiteElo "2300"]
[BlackElo "2445"]
[PlyCount "116"]
[EventDate "2000.??.??"]

1. e4 c5 2. Nf3 d6 3. d4 Nf6 4. dxc5 Qa5+ 5. c3 Qxc5 6. h3 Qc6 7. Bd3 e5 8. O-O
Be7 9. Bg5 Nxe4 10. Na3 Bd7 11. Bxe7 Kxe7 12. Bxe4 Qxe4 13. Re1 Qg6 14. Re3 Bc6
15. Nc4 Qf6 16. Nh2 Qe6 17. b3 Nd7 18. f4 e4 19. Nf3 Qf6 20. g3 Kf8 21. Nd4 d5
22. Na3 Nc5 23. Nac2 Nd3 24. Rxd3 exd3 25. Qxd3 Bd7 26. h4 Re8 27. Nb4 Bc6 28.
a4 a5 29. Nbc2 h5 30. Ne3 Kg8 31. Re1 Re4 32. Kh1 Rxf4 33. Re2 Re4 34. Kg1 Qe5
35. Kg2 Rh6 36. Re1 Rg6 37. g4 Rgxg4+ 38. Nxg4 Rxg4+ 39. Kf1 Qh2 40. Re8+ Bxe8
41. Nf3 Qg2+ 42. Ke1 Rg3 43. Qe3 Bc6 44. Qe2 Qh1+ 45. Kd2 Rg2 46. Qxg2 Qxg2+
47. Ke3 Qc2 48. Nd2 Qxc3+ 49. Ke2 d4 50. Kd1 d3 51. b4 Qc2+ 52. Ke1 Qc1+ 53.
Kf2 Qxd2+ 54. Kg3 Qg2+ 55. Kf4 d2 56. Ke3 d1=Q 57. Kf4 Qd4+ 58. Kf5 Qde4# {
Hossa checkmated} 0-1

[Event "ICS rated blitz match"]
[Site "204.178.125.65"]
[Date "2000.06.02"]
[Round "?"]
[White "Hossa"]
[Black "QueenMaxima"]
[Result "0-1"]
[WhiteElo "2396"]
[BlackElo "2603"]
[PlyCount "150"]
[EventDate "2000.??.??"]

1. e4 e5 2. Nf3 Nc6 3. Bb5 a6 4. Bxc6 dxc6 5. d4 exd4 6. Qxd4 Qxd4 7. Nxd4 Bd7
8. Be3 O-O-O 9. Nc3 Bb4 10. Nde2 Be6 11. a3 Be7 12. Nd4 Nf6 13. Nxe6 fxe6 14.
Ke2 Bd6 15. f4 Nd7 16. Rad1 Rhf8 17. g3 Rf7 18. Rd2 e5 19. Rf1 Rf6 20. Rg1 Rh6
21. Kf3 Rf8 22. f5 Rhf6 23. Rgd1 g6 24. g4 R6f7 25. Bh6 Rg8 26. h4 Nb6 27. Rh2
Nc4 28. Bc1 gxf5 29. gxf5 Rfg7 30. Ne2 Bc5 31. h5 Nd6 32. Bd2 Rg4 33. Nc3 Nc4
34. Bc1 Bg1 35. Rh3 Rg2 36. Rf1 Rxc2 37. Ne2 Bb6 38. Rg3 Rxg3+ 39. Nxg3 Nxb2
40. Bxb2 Rxb2 41. Kg4 Kd7 42. Rd1+ Bd4 43. Rd3 c5 44. f6 Ke6 45. Nf5 Kxf6 46.
Rf3 Ke6 47. Kg5 Re2 48. Kh6 Rxe4 49. Kxh7 Rg4 50. Ne3 e4 51. Rh3 Rg7+ 52. Kh6
Rg1 53. Kh7 Rg5 54. Nc4 Rg7+ 55. Kh6 Rg8 56. Ne3 Bg7+ 57. Kg5 Be5+ 58. Kh6 Bf6
59. Nd5 Kxd5 60. Rh1 Rg3 61. Rf1 Bg7+ 62. Kh7 Be5 63. a4 Ra3 64. Kg6 e3 65. Re1
Ke4 66. h6 Ra1 67. Re2 Kd3 68. Kf5 Kxe2 69. Kxe5 Kd3 70. h7 e2 71. h8=Q e1=Q+
72. Kf5 Qe4+ 73. Kf6 Rf1+ 74. Kg7 Qg4+ 75. Kh7 Rh1# {Hossa checkmated} 0-1

[Event "ICS rated standard match"]
[Site "204.178.125.65"]
[Date "2000.06.02"]
[Round "?"]
[White "sunlen"]
[Black "Hossa"]
[Result "0-1"]
[WhiteElo "2121"]
[BlackElo "2296"]
[PlyCount "47"]
[EventDate "2000.??.??"]

1. d4 Nf6 2. c4 g6 3. Nc3 Bg7 4. e4 d6 5. Be2 O-O 6. Nf3 e5 7. O-O exd4 8. Nxd4
Re8 9. f3 Bd7 10. Bg5 Nc6 11. Nc2 Rc8 12. Nd5 Re5 13. f4 Rxg5 14. fxg5 Nxe4 15.
h4 Ng3 16. Rf2 Qe8 17. Nf6+ Bxf6 18. gxf6 Qe4 19. Bf3 Qxh4 20. Rd2 Ne5 21. Rd4
Qxf6 22. c5 Nxf3+ 23. Qxf3 Qxf3 24. gxf3 {sunlen resigns} 0-1

[Event "ICS rated standard match"]
[Site "204.178.125.65"]
[Date "2000.06.02"]
[Round "?"]
[White "dori"]
[Black "Hossa"]
[Result "0-1"]
[WhiteElo "2093"]
[BlackElo "2313"]
[PlyCount "46"]
[EventDate "2000.??.??"]

1. d4 Nf6 2. c4 g6 3. Nc3 Bg7 4. e4 d6 5. f3 O-O 6. Be3 c5 7. dxc5 dxc5 8. Qxd8
Rxd8 9. Bxc5 Nc6 10. Nge2 Nd7 11. Ba3 Nde5 12. Nf4 Nd4 13. O-O-O Bh6 14. g3
Nec6 15. Kb1 e5 16. Nfd5 Nxf3 17. Nf6+ Kh8 18. Rxd8+ Nxd8 19. Ncd5 Nc6 20. Nc7
Rb8 21. Bd6 Ncd4 22. Ncd5 Nd2+ 23. Kc1 Nxe4+ {dori resigns} 0-1

[Event "ICS Rated standard match"]
[Site "204.178.125.65"]
[Date "2000.06.02"]
[Round "?"]
[White "Hossa"]
[Black "TheSinger"]
[Result "1-0"]
[WhiteElo "2308"]
[BlackElo "2001"]
[PlyCount "85"]
[EventDate "2000.??.??"]

1. e4 d6 2. d4 Nf6 3. Nc3 g6 4. g3 Bg7 5. Nge2 O-O 6. Bg2 e5 7. O-O Nbd7 8. Bg5
c6 9. Qd2 Re8 10. Rad1 Qb6 11. dxe5 dxe5 12. b3 Nf8 13. Be3 Qc7 14. Bc5 Bg4 15.
f3 Rad8 16. Qe3 Be6 17. Bxa7 N8d7 18. Bc5 Nxc5 19. Qxc5 Rxd1 20. Rxd1 Rd8 21.
Rxd8+ Qxd8 22. Bf1 Qd2 23. Kg2 Nd7 24. Qa7 Qe1 25. g4 h5 26. gxh5 Bh3+ 27. Kxh3
Qxf1+ 28. Kg3 Nf6 29. Qb8+ Kh7 30. hxg6+ fxg6 31. h4 Nh5+ 32. Kh2 Qf2+ 33. Kh1
Qf1+ 34. Kh2 Qf2+ 35. Kh1 Qxh4+ 36. Kg2 Nf4+ 37. Nxf4 exf4 38. Ne2 Qg5+ 39. Kf1
Be5 40. Qxb7+ Kh6 41. Qxc6 Qh5 42. Ng1 Qh2 43. Qe6 {TheSinger resigns} 1-0

[Event "ICS rated standard match"]
[Site "204.178.125.65"]
[Date "2000.06.02"]
[Round "?"]
[White "Tinker"]
[Black "Hossa"]
[Result "1-0"]
[WhiteElo "2331"]
[BlackElo "2313"]
[PlyCount "135"]
[EventDate "2000.??.??"]

1. e4 c5 2. Nf3 d6 3. Nc3 a6 4. Bc4 Nc6 5. O-O Nf6 6. Ng5 e6 7. Re1 b5 8. Bf1
b4 9. Na4 Be7 10. c3 O-O 11. d4 cxd4 12. cxd4 Bd7 13. Nf3 Qa5 14. a3 d5 15.
exd5 Nxd5 16. axb4 Ncxb4 17. Bd2 Bxa4 18. Rxa4 Qc7 19. Ne5 a5 20. Ra1 Qa7 21.
Re4 Rac8 22. Nc4 Bd8 23. Be2 Bb6 24. Nxb6 Qxb6 25. Rh4 Rfd8 26. Qb1 g6 27. Bg5
Nc2 28. Ra4 f6 29. Bd2 Ndb4 30. Bc3 Nxd4 31. Bf1 Rd7 32. Bxd4 Rxd4 33. Rxd4
Qxd4 34. Rxa5 Kh8 35. Ra4 Rb8 36. b3 e5 37. Bc4 f5 38. Qe1 Nc2 39. Qc1 Nb4 40.
Bf1 Qb6 41. Qc4 Qd6 42. Ra5 Rd8 43. Qh4 Nc6 44. Ra6 Rf8 45. Qc4 Rc8 46. b4 Qd7
47. Qc3 Qe8 48. Qd2 Qe7 49. b5 Nd4 50. b6 f4 51. Ra7 Qe8 52. Rc7 Rd8 53. Qe1 f3
54. b7 fxg2 55. Bxg2 Kg8 56. Qe3 Ne6 57. Bc6 Qf8 58. Qb3 Kh8 59. Qxe6 Qf4 60.
Bf3 Qg5+ 61. Kf1 e4 62. Qb6 Qe5 63. b8=Q Qa1+ 64. Qb1 Qxb1+ 65. Qxb1 Kg8 66.
Qb2 Rd4 67. Qb8+ Rd8 68. Qxd8# {Hossa checkmated} 1-0

[Event "ICS rated standard match"]
[Site "204.178.125.65"]
[Date "2000.06.02"]
[Round "?"]
[White "MissSilicon"]
[Black "Hossa"]
[Result "1/2-1/2"]
[WhiteElo "2452"]
[BlackElo "2298"]
[PlyCount "190"]
[EventDate "2000.??.??"]

1. Nf3 Nf6 2. c4 e6 3. Nc3 c5 4. d4 cxd4 5. Nxd4 Nc6 6. g3 Bb4 7. Bg2 Ne5 8.
Qb3 Bc5 9. Nc2 O-O 10. O-O Qc7 11. Bf4 d6 12. Nb5 Qb8 13. Rad1 a6 14. Nbd4 Qc7
15. Bg5 Nfg4 16. h3 Nf6 17. Qc3 Nfd7 18. b3 h6 19. Be3 Nf6 20. f4 Ng6 21. f5
Ne5 22. Kh2 Bd7 23. Bd2 a5 24. e4 a4 25. Qb2 Nd3 26. Qc3 axb3 27. axb3 Ne5 28.
Ra1 Rxa1 29. Rxa1 exf5 30. exf5 Bc6 31. Nxc6 bxc6 32. Re1 Re8 33. Kh1 Qb6 34.
b4 Bf2 35. Re2 Ned7 36. c5 dxc5 37. Rxf2 cxb4 38. Qd4 b3 39. Qxb6 Nxb6 40. Na3
Nbd5 41. Rf1 Ne4 42. Bxe4 Rxe4 43. Rf3 b2 44. Rb3 Ra4 45. Nb1 Ra2 46. Kg2 Kh8
47. Be1 h5 48. Bf2 h4 49. g4 Nf4+ 50. Kf3 Nd5 51. Bxh4 c5 52. Bf2 c4 53. Rb8+
Kh7 54. Ke4 Ra1 55. Rxb2 c3 56. Rc2 Nf6+ 57. Kd4 Rxb1 58. Rxc3 Rd1+ 59. Rd3 Ra1
60. Ke3 Rh1 61. Kf4 Rf1 62. Rd2 Rc1 63. Rd4 Rc5 64. g5 Nd5+ 65. Kg3 Rb5 66. Re4
Nb4 67. Kg4 Nd3 68. Bd4 Rd5 69. h4 Nc5 70. Bxc5 Rxc5 71. Re7 Kg8 72. h5 Rc4+
73. Kg3 Kf8 74. Rb7 Kg8 75. g6 fxg6 76. hxg6 Kf8 77. Rf7+ Kg8 78. Kf3 Rc3+ 79.
Kg4 Rc1 80. Rd7 Kf8 81. Ra7 Rg1+ 82. Kh4 Rh1+ 83. Kg3 Rf1 84. Rf7+ Kg8 85. Kg4
Rc1 86. Rb7 Kf8 87. Ra7 Rg1+ 88. Kh3 Re1 89. Rf7+ Kg8 90. Rc7 Kf8 91. Kg4 Rg1+
92. Kh4 Rh1+ 93. Kg3 Rf1 94. Rf7+ Kg8 95. Kg4 Rc1 1/2-1/2

[Event "ICS rated standard match"]
[Site "204.178.125.65"]
[Date "2000.06.03"]
[Round "?"]
[White "Hossa"]
[Black "KDK"]
[Result "0-1"]
[WhiteElo "2305"]
[BlackElo "2200"]
[PlyCount "128"]
[EventDate "2000.??.??"]

1. e4 e5 2. Nf3 Nc6 3. Bb5 a6 4. Bxc6 dxc6 5. d4 exd4 6. Qxd4 Qxd4 7. Nxd4 Bd7
8. Nc3 O-O-O 9. O-O c5 10. Nf3 Bg4 11. Bg5 f6 12. Bf4 Bxf3 13. gxf3 Bd6 14. Ne2
Ne7 15. Rfd1 Nc6 16. Bxd6 Rxd6 17. Rxd6 cxd6 18. Rd1 Kd7 19. Kg2 Re8 20. Ng3
Ne7 21. Nh5 b5 22. c3 Ng6 23. Nxg7 Rg8 24. Nf5 Nh4+ 25. Kh3 Nxf5 26. exf5 h5
27. Kh4 Rg5 28. f4 Rxf5 29. Kg3 Kc6 30. Re1 a5 31. Re8 Rd5 32. Re2 c4 33. a3 b4
34. cxb4 axb4 35. axb4 Kb5 36. Re6 Kxb4 37. Rxf6 Kb3 38. Rf8 Kxb2 39. Rb8+ Kc2
40. Kf3 c3 41. Ke2 Kc1 42. Rb6 Rd2+ 43. Ke1 d5 44. f5 d4 45. f6 d3 46. Kf1 Rd1+
47. Kg2 d2 48. f7 Rg1+ 49. Kxg1 d1=Q+ 50. Kg2 Qd5+ 51. f3 Qxf7 52. Rc6 Kd2 53.
Kg3 h4+ 54. Kg2 Qg7+ 55. Kf2 Qd4+ 56. Kg2 c2 57. Rxc2+ Kxc2 58. h3 Qd2+ 59. Kh1
Qe1+ 60. Kh2 Qg3+ 61. Kh1 Qxh3+ 62. Kg1 Qxf3 63. Kh2 h3 64. Kg1 Qg2# {
Hossa checkmated} 0-1

[Event "ICS Rated standard match"]
[Site "204.178.125.65"]
[Date "2000.06.03"]
[Round "?"]
[White "Hossa"]
[Black "megacapa"]
[Result "1-0"]
[WhiteElo "2304"]
[BlackElo "2138"]
[PlyCount "38"]
[EventDate "2000.??.??"]

1. d4 Nf6 2. c4 e6 3. Nf3 b6 4. a3 Ba6 5. Qc2 Bb7 6. Nc3 c5 7. e4 cxd4 8. Nxd4
Bc5 9. Nb3 Nc6 10. Bg5 Nd4 11. Nxd4 Bxd4 12. Bd3 h6 13. Bh4 Be5 14. Rd1 Qb8 15.
Be2 a6 16. Bxf6 Bxf6 17. O-O d6 18. Qa4+ Kf8 19. Qb4 Be7 {megacapa resigns} 1-0

[Event "ICS rated standard match"]
[Site "204.178.125.65"]
[Date "2000.06.03"]
[Round "?"]
[White "MM3Quick"]
[Black "Hossa"]
[Result "1/2-1/2"]
[WhiteElo "2165"]
[BlackElo "2313"]
[PlyCount "152"]
[EventDate "2000.??.??"]

1. e4 c5 2. c3 Nf6 3. Qc2 d5 4. e5 Nfd7 5. d4 Qc7 6. Bd3 cxd4 7. cxd4 Qxc2 8.
Bxc2 Nc6 9. Nf3 Nb4 10. Ba4 b5 11. Bb3 Nd3+ 12. Ke2 Nxc1+ 13. Rxc1 e6 14. Kf1
Be7 15. Nbd2 O-O 16. a4 b4 17. Kg1 a5 18. Rc6 Bd8 19. Nf1 Bb7 20. Rc2 Bb6 21.
Ng3 Rac8 22. Rac1 f6 23. exf6 gxf6 24. Re1 Rxc2 25. Bxc2 Rc8 26. Bd3 Nf8 27. h4
h6 28. Nh5 Kf7 29. Ng3 Bc7 30. Ne2 Ng6 31. h5 Nf4 32. Nxf4 Bxf4 33. Bg6+ Ke7
34. g3 Bb8 35. Bf5 Rc6 36. Bd3 Ba7 37. Kg2 Bb6 38. g4 b3 39. Kg3 Bc7+ 40. Kg2
Bf4 41. Re2 Bc1 42. Ne1 Rc7 43. Bb5 Bf4 44. Kf3 Bd6 45. Ng2 Kf7 46. Re3 e5 47.
Rxb3 exd4 48. Nh4 Bc8 49. Bd3 Bb4 50. Nf5 Bxf5 51. Bxf5 Rb7 52. Ke2 Ke7 53. Kd1
Kd6 54. Rf3 Re7 55. Bd3 Ke5 56. Rf5+ Ke6 57. Ba6 Re8 58. Kc2 Rb8 59. Kd3 Bc5
60. Bb5 Rc8 61. f3 Ba7 62. Kd2 Bb6 63. Be2 Rg8 64. f4 Rb8 65. Bf3 Rd8 66. Kd3
Rd7 67. Bh1 Bc5 68. Bg2 Rd6 69. Bf3 Rd8 70. Bg2 Ba7 71. Bf3 Rd6 72. Bg2 Bb6 73.
Bf3 Rd8 74. Bg2 Rd6 75. Bf3 Rd8 76. Bg2 Rd6 1/2-1/2

[Event "ICS rated standard match"]
[Site "204.178.125.65"]
[Date "2000.06.03"]
[Round "?"]
[White "Hossa"]
[Black "Best"]
[Result "1/2-1/2"]
[WhiteElo "2293"]
[BlackElo "2051"]
[PlyCount "150"]
[EventDate "2000.??.??"]

1. e4 c5 2. Nf3 d6 3. d4 cxd4 4. Nxd4 Nf6 5. Nc3 e6 6. Be2 Be7 7. O-O O-O 8. f4
Nc6 9. Be3 a6 10. Qd2 Qc7 11. Rad1 b5 12. Nxc6 Qxc6 13. e5 dxe5 14. fxe5 Bb7
15. Bf3 Nd5 16. Nxd5 exd5 17. Bxd5 Qxd5 18. Qxd5 Bxd5 19. Rxd5 Rfd8 20. Rfd1
Kf8 21. Kf1 Ke8 22. R5d3 Rac8 23. Bb6 Rxd3 24. cxd3 Bg5 25. Rb1 Kd7 26. Bf2 Bf4
27. d4 Ke6 28. g3 Bc1 29. h3 Kd5 30. b3 Rc2 31. Ra1 b4 32. g4 Bb2 33. Rd1 Bc3
34. Rd3 Rxa2 35. Rf3 Bxd4 36. Bxd4 Kxd4 37. Rxf7 Kxe5 38. Rxg7 Ra3 39. Kg2 Rxb3
40. Rxh7 Rb2+ 41. Kf3 b3 42. Rb7 Rb1 43. g5 b2 44. Kg2 Kf5 45. h4 a5 46. Rb6 a4
47. g6 Rc1 48. g7 Rc8 49. Rxb2 Kg6 50. Rb7 Rg8 51. Ra7 Rxg7 52. Ra8 Kh7+ 53.
Kh3 Rb7 54. Rxa4 Rc7 55. h5 Rb7 56. Kh4 Rg7 57. Ra8 Rg1 58. Rb8 Rg7 59. Rc8 Rg1
60. Rc6 Rg2 61. h6 Rg6 62. Rc5 Rxh6+ 63. Kg5 Rg6+ 64. Kh5 Rg7 65. Kh4 Ra7 66.
Kh5 Rb7 67. Kg5 Kg7 68. Kh4 Kg6 69. Kg4 Rb4+ 70. Kh3 Kf6 71. Kg3 Ke6 72. Kh3
Kd6 73. Rf5 Re4 74. Kg3 Re5 75. Rxe5 Kxe5 1/2-1/2

[Event "ICS rated standard match"]
[Site "204.178.125.65"]
[Date "2000.06.03"]
[Round "?"]
[White "Best"]
[Black "Hossa"]
[Result "0-1"]
[WhiteElo "2070"]
[BlackElo "2287"]
[PlyCount "61"]
[EventDate "2000.??.??"]

1. e4 c5 2. Nc3 Nc6 3. f4 e6 4. Nf3 a6 5. a4 d5 6. e5 Bd7 7. Be2 Qc7 8. O-O
O-O-O 9. d3 f6 10. exf6 Nxf6 11. Ne5 Nxe5 12. fxe5 Qxe5 13. Bf4 Qd4+ 14. Kh1 e5
15. Bg3 h5 16. Ra3 Be7 17. Bf2 Qb4 18. Rb3 Qa5 19. Be1 Qc7 20. d4 cxd4 21. Rxf6
Bxf6 22. Nxd5 Qc6 23. Nb6+ Kb8 24. Qd3 Be6 25. Bf3 Qc5 26. Nd7+ Rxd7 27. Bb4
Qc4 28. Bd6+ Rxd6 29. Rxb7+ Kc8 30. Qxc4+ Bxc4 31. Ra7 {Best resigns} 0-1

[Event "ICS rated blitz match"]
[Site "204.178.125.65"]
[Date "2000.06.03"]
[Round "?"]
[White "Tinker"]
[Black "Hossa"]
[Result "1/2-1/2"]
[WhiteElo "2439"]
[BlackElo "2389"]
[PlyCount "198"]
[EventDate "2000.??.??"]

1. e4 c5 2. Nf3 Nc6 3. Bb5 g6 4. Bxc6 bxc6 5. e5 Bg7 6. Qe2 Nh6 7. Nc3 O-O 8.
O-O Nf5 9. Qc4 d6 10. Na4 Qa5 11. d3 d5 12. Qb3 Nd4 13. Nxd4 cxd4 14. Bf4 Bg4
15. Qa3 Rab8 16. f3 Bf5 17. b3 Rb4 18. Qc1 Qc7 19. e6 Qc8 20. Nc5 fxe6 21. Qa3
Rb5 22. g4 Rxc5 23. Qxc5 Bxd3 24. cxd3 Rxf4 25. Qxa7 Bh6 26. Rae1 Kf7 27. Qb6
Rf6 28. Qxd4 c5 29. Qf2 Kg8 30. Qc2 Qc6 31. d4 c4 32. Kh1 c3 33. Rd1 Rf8 34.
Rd3 Rc8 35. f4 Qa6 36. Rf2 Qa5 37. g5 Bg7 38. Rf1 Qb4 39. Rfd1 Rc6 40. a4 Rc8
41. Kg2 Rc6 42. h3 Kh8 43. Kf2 Rc7 44. Kg2 Rc6 45. h4 Kg8 46. Kg3 Rc8 47. Kh3
Rc6 48. Kh2 Kh8 49. Kg3 Kg8 50. Kg2 Bh8 51. Kg3 Bg7 52. Kh3 Kh8 53. Kh2 Kg8 54.
h5 gxh5 55. Rh3 Qb8 56. Rf1 Bxd4 57. Rxh5 Kf8 58. Rxh7 Ke8 59. g6 Rc8 60. Qd3
Bf6 61. Qc2 Bd4 62. Qd1 Qb6 63. a5 Qb4 64. g7 Kd7 65. Qg4 Bxg7 66. Qxg7 c2 67.
f5 exf5 68. Qg5 Qe4 69. Rc1 Qe5+ 70. Kg1 Rc3 71. Kf2 Qd4+ 72. Kg2 Qe4+ 73. Kh2
Rxb3 74. a6 Qe2+ 75. Qg2 Qe5+ 76. Kh1 Rb1 77. Qd2 Rxc1+ 78. Qxc1 Qe2 79. Rg7
Qh5+ 80. Kg2 Qd1 81. Qe3 c1=Q 82. Qxe7+ Kc6 83. Qb7+ Kc5 84. Rc7+ Kd4 85. Qb6+
Kd3 86. Qb5+ Ke4 87. Qe8+ Kf4 88. Rxc1 Qd2+ 89. Kh3 Qxc1 90. Qb8+ Ke4 91. a7
Qe3+ 92. Kg2 Qe2+ 93. Kg3 Qf3+ 94. Kh2 Qf2+ 95. Kh1 Qf1+ 96. Kh2 Qf2+ 97. Kh1
Qf1+ 98. Kh2 Qf2+ 99. Kh1 Qf1+ 1/2-1/2